| 000 | 00455nam a2200181Ia 4500 | ||
|---|---|---|---|
| 001 | 9708 | ||
| 005 | 20260306161738.0 | ||
| 008 | 260306t2008||||xx |||||||||||||| ||spa|| | ||
| 041 | _aESP | ||
| 082 |
_a398.9 _bA88 |
||
| 100 |
_aValentí, Eduard (Copilador) _eAUT |
||
| 245 | 0 |
_aAurea dicta: _bdichos y proverbios del mundo clásico |
|
| 260 | _c2008 | ||
| 300 |
_a498 páginas : _c25 cm. |
||
| 650 | _aGEN | ||
| 654 | _aCHU | ||
| 942 |
_cLIB _dJUS _fJUS _2ddc _n |
||
| 999 |
_c9708 _d9708 |
||